Szczegóły MARC21

D'autres voies pour la didactique des langues étrangères /

003 -Nazwa inst., której nr kontr. jest w polu 001 [,]
    • @
    • Nazwa instytucji, której n kontrolny jest w polu 001
    • NUKAT
005 -DATA I CZAS OSTATNIEJ MODYFIKACJI [,]
    • @
    • pole kontrolne
    • 20241231100625.0
020 -Międzynarod. znormalizowany nr książki - ISBN [ , ]
    • a
    • Numer ISBN
    • 2218060345 Find
040 -Instytucja sporządzająca opis [ , ]
    • a
    • Instytucja, która sporządziła opis (NP)
    • WA U/71AB
    • c
    • Instytucja, która sporządziła rekord (NP)
    • WA U/AB
    • d
    • Instytucja, która zmodyfikowała rekord (P)
    • WA U/EMB
    • d
    • Instytucja, która zmodyfikowała rekord (P)
    • WA U/ABs
    • d
    • Instytucja, która zmodyfikowała rekord (P)
    • KAT U/AF
942 -Rodzaj dokumentu [ , ]
    • c
    • Rodzaj dokumentu
    • Książka
100 -Hasło główne - nazwa osobowa [1, ]
    • a
    • Nazwa osobowa (NP)
    • Galisson, Robert.
    • 9
    • KHW
    • 415874
245 -Strefa tytułu i oznaczenia odpowiedzialności [1,2]
    • a
    • Tytuł
    • D'autres voies pour la didactique des langues étrangères / Find
    • c
    • Pozostałe elementy strefy tytułu i oznaczenia odpowiedzialności (NP)
    • R. Galisson et A. Coïaniz [et al.].
260 -Strefa adresu wydawniczego [ , ]
    • a
    • Miejsce wydania (P)
    • Paris :
    • b
    • Nazwa wydawcy (P)
    • Hatier-Credif,
    • c
    • Data wydania (P)
    • 1982.
300 -Strefa opisu fizycznego [ , ]
    • a
    • Określenie formy książki i/lub objętość (NP)
    • 159 s. ;
    • c
    • Format (NP)
    • 21 cm.
336 -Typ zawartości [ , ]
    • a
    • Termin opisujący typ zawartości
    • Tekst
    • b
    • Kod określający zawartość
    • txt
    • 2
    • Źródło (terminu i kodu)
    • rdacontent
337 -Typ mediów [ , ]
    • a
    • Tryb odtwarzania
    • Bez urządzenia pośredniczącego
    • b
    • Kod typu mediów
    • n
    • 2
    • Źródło (terminu i kodu)
    • rdamedia
338 -Typ/rodzaj nośnika [ , ]
    • a
    • Hasło opisujące typ nośnika
    • Wolumin
    • b
    • Kod typu nośnika
    • nc
    • 2
    • Źródło (terminu i kodu)
    • rdacarrier
490 -Strefa serii i książki wielotomowej - forma nie do wyszukiwania [1, ]
    • a
    • Tytuł (P)
    • Langues et Apprentissage des Langues Find
830 -Hasło dodatkowe serii i opisu książki wielotomowej - tytuł ujednolicony/tytuł [ ,0]
    • a
    • Tytuł ujednolicony/tytuł (NP)
    • Langues et Apprentissage des Langues
    • x
    • ISSN
    • 0292-7101
    • 9
    • KHW
    • 53699
504 -Uwaga dot. bibliogr. załącznikowej [ , ]
    • a
    • Uwaga dot. bibliografii załącznikowej
    • Bibliogr. s. 152-153.
080 -Uniwersalna Klasyfikacja Dziesiętna [ , ]
    • a
    • Symbol klasyfikacji
    • 800.7
080 -Uniwersalna Klasyfikacja Dziesiętna [ , ]
    • a
    • Symbol klasyfikacji
    • :804.0=40
650 -Hasło przedmiotowe [ ,7]
    • a
    • Hasło przedmiotowe
    • Języki obce
    • x
    • Określnik rzeczowy
    • studia i nauczanie.
    • 2
    • Źródło terminu
    • kaba
    • 9
    • KHW
    • 113631
650 -Hasło przedmiotowe [ ,7]
    • a
    • Hasło przedmiotowe
    • Język francuski
    • x
    • Określnik rzeczowy
    • studia i nauczanie
    • x
    • Określnik rzeczowy
    • obcojęzyczni.
    • 2
    • Źródło terminu
    • kaba
    • 9
    • KHW
    • 356836
980 -Symbol UKD [ , ]
    • a
    • UKD
    • 800.7:804.0=40
700 -Hasło dodatkowe - nazwa osobowa [1, ]
    • a
    • Nazwa osobowa (NP)
    • Coïaniz, Alain. Find
    • 9
    • KHW
    • 415875
920 -ISBN [ , ]
    • a
    • ISBN
    • 2-218-06034-5 Find
Numer inwentarzowy Lokalizacja Data inwentaryzacji Sygnatura Status udost.
A.4174BM1996-05-24FR. Dydaktyka jęz. obcych 231